000 00326nam a2200133Ia 4500
005 20251222155158.0
008 251222s9999||||xx |||||||||||||| ||spa||
082 _aEMI. 11
100 _aBILLINGS E
245 0 _aRegulación Natural de la Fertilidad Iglesia Catolica
250 _a3ra. ed.
264 _bEmecé
942 _cLIB
999 _c39832
_d39832